| 000 | 00907nam a22002055i 4500 | ||
|---|---|---|---|
| 001 | 157688 | ||
| 003 | ES-MaACL | ||
| 005 | 20230906210818.0 | ||
| 008 | 960320q1865 fr |||| | fre d | ||
| 040 |
_aCLM _bspa _cCCPB | SIC |
||
| 100 | 1 |
_aLiais, E. _9128939 |
|
| 245 | 1 | 2 |
_aL'Espace céleste et la nature tropicale _b: description physique de l'Univers d'après des observations personne lles faites dans les deux hémisphères / _cEmm. Liais ; préface de M. Babinet ; dessins de Yan' Dargent. |
| 260 |
_aParis : _bGarnier frères, _c[s.a.] |
||
| 300 |
_aX, 603 p., 40 h. de lám. : _bil. ; _c27 cm. |
||
| 596 | 1 | _aNUC fecha esta obra en [1865] | |
| 700 | 1 | 1 |
_aBabinet, M, _epr. _9125771 |
| 700 | 1 | 1 |
_aDargent, Yan', _eil. _9126697 |
| 752 |
_aFrancia - _dParís |
||
| 852 |
_aES-MaACL _jC-1732 _z-- Enc. hol. _z-- Legado M. de la Fuente _x-- Edic.: La paginación es XIII, 606 p., [40] h. de lám. |
||
| 999 |
_c157688 _d157688 |
||